| 000 | 01135cam a2200253 4500 | ||
|---|---|---|---|
| 001 | ABS64047 | ||
| 008 | 000000n2001 000 0 eng u | ||
| 035 | _a(Sirsi) u112700 | ||
| 100 | _aGummer, J | ||
| 245 | _aTime for property to speak with one voice | ||
| 260 | _c2001 | ||
| 490 |
_aEstates Gazette _v(0118) 5 May 2001, 62-63(2) |
||
| 520 | _aArgues that the property industry needs a single voice to effectively lobby government. Discusses the failure of the property industry to influence the key issues of lease reform, stamp duty and the seller's information packs, and suggests that devolution and the growing complexity of planning arrangements require a greater influence from the industry. Introduces the concept of a single body, funded by the industry with overall responsibility for deciding subjects of general importance, and lobbying government. | ||
| 590 | _aABS | ||
| 650 | _aSTAMP DUTY | ||
| 650 | _aSELLERS INFORMATION PACKS | ||
| 650 | _aLEASE REFORM | ||
| 650 | _aLOBBYING | ||
| 650 | _aPROPERTY INDUSTRY | ||
| 650 | _aPLANNING | ||
| 650 | _aDEVOLUTION | ||
| 690 | _aPROPERTY | ||
| 942 | _n0 | ||
| 999 |
_c67091 _d67091 |
||